000 00701cam a22002293a 4500
001 20167
003 PGUSA
005 20140828083427.0
008 061223s2006||||xxu|||||s|||||000 | eng d
040 _aPGUSA
_beng
042 _adc
050 4 _aDU
100 1 _aLangeler, J. W.
245 1 0 _aNieuw-Guinee en de exploratie der "Meervlakte" :
_bDe Aarde en haar Volken, 1918
_h[electronic resource] /
_cJ. W. Langeler
260 _bProject Gutenberg,
_c2006
506 _aPublic domain in the USA.
516 _aElectronic text
653 _aPapua (Indonesia) -- Discovery and exploration
830 0 _aProject Gutenberg
_v20167
856 4 0 _uhttp://www.gutenberg.org/ebooks/20167
942 _cEB
999 _c249422
_d249422